Statistics for Aerosmith-Dream On (Lyrics)

Click here to take the quiz!

General Stats

  • This quiz has been taken 150 times
  • The average score is 196 of 262

Answer Stats

Lyrics% Correct
On
96%
The
96%
Dream
93%
Sin
92%
Sing
91%
For
90%
To
87%
You
87%
I
86%
With
86%
Me
84%
And
81%
Tear
81%
Year
81%
Come
78%
In
78%
All
77%
It
75%
My
73%
Time
73%
Away
72%
Today
72%
Look
71%
Mirror
71%
Tomorrow
71%
Every
70%
Is
70%
Take
69%
That
69%
Just
68%
These
68%
Face
67%
Gone
67%
Life
67%
Getting
66%
Clearer
65%
Good
65%
Past
65%
Will
65%
Know
64%
Laughter
64%
Lord
64%
True
64%
Lines
63%
Where
63%
Goes
61%
Dues
60%
Got
60%
Maybe
60%
Your
60%
Comes
59%
Dreams
59%
It's
58%
Win
58%
Back
57%
Until
56%
Everybody's
55%
Knows
55%
Nobody
55%
Pay
54%
Way
54%
Dawn
53%
Oh
51%
Their
51%
Dusk
50%
Isn't
50%
By
49%
Like
49%
How
48%
Lose
47%
From
46%
Pages
42%
If
41%
Went
40%
Written
39%
Books'
38%
Fools
38%
Life's
38%
Things
38%
Half
36%
Sages
36%
Ah
31%
Learned
24%
Facts
7%
Storing
6%

Score Distribution

Percentile by Number Answered

Percent of People with Each Score

Your Score History

You have not taken this quiz